000 00778nam a2200205 a 4500
001 000043545
005 20260303090147.0
008 140325s2013 dr ac 000 0 spa d
020 _a9789945074970
040 _aDO-SdBNP
_bspa
_cBNPHU
082 _axxx
_bxxx
100 1 _aUbiñas Renville, Guaroa,
_d1966-
_971332
245 1 3 _aLa Hacienda fundación /
_cGuaroa Ubiñas Renville ; edición Eliades Acosta Matos.
260 _aSanto Domingo :
_bArchivo General de la Nación,
_c2013.
300 _a228 p. :
_bil., ;
_c23 cm.
490 1 _aArchivo General de la Nación
_v203
500 _aIncluye datos biográficos del autor en las solapas
500 _aIncluye referencias bibliográficas y notas al pie de las páginas
700 1 2 _aAcosta Matos, Eliades,
_d1959-
_eed.
_974479
999 _c43034
_d43034